000 01019nam a2200349 a 4500
003 AR-BaBNM
005 20251128204407.0
008 082120s2002 ||||||||||||||000 | spa||
020 _a950-09-0573-6
040 _cAR-BaBNM
100 1 _aMartínez Terrero, José
245 0 0 _aComunicación grupal liberadora
260 _aBuenos Aires
_bEdiciones Paulinas
_c1986
300 _a277 p.
_bgráfs., il.
490 0 _aComunicación
_vv. 1
500 _aContiene referencias bibliográficas en p. 267
650 4 _aSOCIOLOGIA POLITICA
650 4 _aCOMUNICACION DE MASAS
650 4 _aPUBLICIDAD
650 4 _aPROPAGANDA
650 4 _aPROCESO DE COMUNICACION
650 4 _aCAMPAÑAS DE COMUNICACION DE MASAS
650 4 _aCOMPORTAMIENTO SOCIAL
650 4 _aOPINION PUBLICA
650 4 _aSOCIOLOGIA DE LA COMUNICACION
650 4 _aPERSUASION
650 4 _aPSICOLOGIA DE LA COMUNICACION
650 4 _aSOCIEDAD DE MASAS
650 4 _aESTRATEGIAS DE COMUNICACION
942 _cBK
998 _cMARTIN
999 _c7287
_d7287